000 00616nam a2200193 a 4500
001 000032605
005 20240412074256.0
008 110719s19-- dr 000 0 spa d
040 _aDO-SdBNP
_bspa
_cBNPHU
082 _aRD861.44
_bA185r
100 1 _aAcosta Espinosa, David
_d1973-
_958516
245 1 0 _aRosas de mármol :
_bpoemas romanticos /
_cDavid Acosta Espinosa.
260 _a[Santo Domingo] :
_b[s. n.],
_c[190-?].
300 _a16 p. ;
_c16 cm.
590 _aInventariado, 2018/VM
650 0 _aPoesía dominicana
_966
650 0 _aLiteratura dominicana.
_967
910 _aValidado. Control de calidad MFF
999 _c32096
_d32096